| 000 | 00369nam a22001577a 4500 | ||
|---|---|---|---|
| 003 | SGT | ||
| 020 | _a81-7224-860-1 | ||
| 082 |
_a616.7220 _bH17B |
||
| 100 | _aBAKHRU, H.K | ||
| 245 | _aHEALING THROUGH NATURAL FOODS | ||
| 260 |
_aAHMEDABAD _bJAICO PUB _c2017 |
||
| 300 | _a255 | ||
| 650 | _aNUTRITION | ||
| 653 | _aHELING, FOOD, DIET, NUTRITION | ||
| 942 |
_2ddc _cBK _09 |
||
| 999 |
_c22285 _d22285 |
||